ليالي الفكر في فيينا / (Record no. 3758)
[ view plain ]
| 000 -الفاتح | |
|---|---|
| حقل البيانات ثابتة الطول | 00455nac a22001331u 4500 |
| 008 - عناصر البيانات ثابتة الطول - معلومات عامة | |
| حقل البيانات ثابتة الطول | 080914s1998 xxu||||| |||| 00| 0 ara d |
| 020 ## - الرقم الدولى المعيارى للكتب | |
| الرقم الدولى المعيارى للكتاب | 9770904333 |
| 082 ## - رقم تصنيف ديوى العشرى | |
| رقم التصنيف | 320.962 |
| رقم المادة | ف ق ى |
| 245 ## - بيان العنوان | |
| العنوان | ليالي الفكر في فيينا / |
| بيان المسئوليه,etc | مصطفي الفقي |
| 260 ## - PUBLICATION, DISTRIBUTION, ETC. (IMPRINT) | |
| مكان الناشر او الموزع | القاهرة : |
| اسم الناشر او الموزع | دار الشروق ،1998 |
| تاريخ النشر أو التوزيع | 1998. |
| 300 ## - الوصف المادى | |
| التعداد | 173 ص ؛ |
| أبعاد الوعاء | 25 سم. |
| 651 ## - المدخل الاضافى بالموضوع - اسم جغرافى | |
| 9 (RLIN) | 21463 |
| الاسم الجغرافي | مصر |
| التقسيم الفرعي العام | السياسة والحكومة |
| 942 ## - عناصر المدخل الإضافي( كوها) | |
| Koha [default] item type | Book - Borrowing |
| سابقة رقم الطلب | 320.962 ف ق ى |
| مصدر التصنيف او مخطط الترفيف | Dewey Decimal Classification |
| حالة التراجع | حالة الفقد | مصدر التصنيف او خطة الترفيف | تحديد مواد ( مجلدات مجمعه أو جزء أخر) | حالة تلف | ليس للاعارة | مجموعات كوها | المكان الدائم | المكان الحالي | موقع الترفيف | تاريخ الاكتساب | Source of acquisition | سعر الشراء الطبيعي | رقم الاستدعاء | الباركود | Date last seen | مُعار | التكلفة | نوع الوعاء |
|---|---|---|---|---|---|---|---|---|---|---|---|---|---|---|---|---|---|---|
| Dewey Decimal Classification | Lost_In_Inventory_11-6-2024 | Central Library | Central Library | First floor | 07/05/2015 | 15.00 | 320.962 ف ق ى | 000030069 | 15/07/2025 | 18/11/2009 | 18.75 | Book - Borrowing |